| 000 | 00473nam a22001577a 4500 | ||
|---|---|---|---|
| 999 |
_c7905 _d7905 |
||
| 003 | OSt | ||
| 005 | 20200601122751.0 | ||
| 008 | 200601b ||||| |||| 00| 0 eng d | ||
| 020 | _a9789774249228 | ||
| 082 |
_a709.1767 _bHIL |
||
| 100 | _a Hillenbrand, Robert | ||
| 110 | _a O'Kane, Bernard(editor) | ||
| 245 | _aThe iconography of Islamic art : studies in honour of Robert Hillenbrand | ||
| 260 |
_aGermany _bAmerican University in Cairo Press January _c2005 |
||
| 942 | _2ddc | ||